| 000 | 00510nam a2200181Ia 4500 | ||
|---|---|---|---|
| 001 | 17423 | ||
| 005 | 20260306171516.0 | ||
| 008 | 260306s9999||||xx |||||||||||||| ||und|| | ||
| 041 | _aESP | ||
| 082 |
_a658 _bB81 |
||
| 100 |
_aBraidot, Néstor _eAUT |
||
| 245 | 0 |
_aNeuro management: _bla revolución neurocientífica en la conducción del management, del management al neuromanagement |
|
| 260 | _c2015 | ||
| 300 |
_a485 páginas : _c23 cm. |
||
| 650 | _aGEN | ||
| 654 | _aCAN | ||
| 942 |
_cLIB _dJUS _fJUS _2ddc _n |
||
| 999 |
_c17423 _d17423 |
||